"M" States - US Map Sudden Death - Statistics

General Stats
  • This quiz has been taken 143 times
  • The average score is 16 of 19
Answers on the Grid
Answers color-coded by a green-red scale on the quiz's grid according to % correct below.
 
Answer Stats
Answer % Correct
91%
89%
86%
86%
86%
85%
85%
84%
84%
84%
83%
82%
81%
78%
78%
77%
76%
73%
70%
No matching quizzes found
Score Distribution
Percent of People with Each Score
Percentile by Number Answered
Your Score History
You have not taken this quiz